| 000 | 00713nam a2200217Ia 4500 | ||
|---|---|---|---|
| 003 | PILC | ||
| 005 | 20160317144546.0 | ||
| 008 | 140609s9999 xx 000 0 und d | ||
| 020 | _a9780980482737 | ||
| 050 |
_aCT 21 _b.P412 2011 |
||
| 100 | _aPerdon, Renato. | ||
| 245 | 4 |
_aThe life and times of the Perdon family / _cRenato Perdon. |
|
| 260 |
_aSydney, Australia : _bManila Prints Australia, _c2011. |
||
| 300 |
_a292 pages : _billustrations (some color) ; _c26 cm. |
||
| 500 | _aIncludes bibliographical references. | ||
| 650 |
_aHistorians _xPhilippines -- Biography. |
||
| 650 |
_aImmigrants _xAustralia -- Biography. |
||
| 650 |
_aPhilippines _xGenealogy. |
||
| 942 |
_kLOC _cBK _2lcc |
||
| 999 |
_c118171 _d118171 |
||